القضاء المستعجل و قضاء التنفيذ : (Record no. 27319)
[ view plain ]
| 000 -الفاتح | |
|---|---|
| حقل البيانات ثابتة الطول | 01279nam a22002895a 4500 |
| 003 - محدد رقم الضبط | |
| رقم الضبط | EG-ScBUE |
| 005 - وقت وتاريخ اخر تعامل مع التسجيلة | |
| رقم الضبط | 20190328132527.0 |
| 008 - عناصر البيانات ثابتة الطول - معلومات عامة | |
| حقل البيانات ثابتة الطول | 190328s2014 ua frb 000 0 ara d |
| 040 ## - مصدر الفهرسة | |
| وكالة الفهرسة الأصلية | EG-ScBUE |
| لغة الفهرسة | ara |
| وكالة النسخ | EG-ScBUE |
| وكالة التعديل | EG-ScBUE |
| 043 ## - رمز المنطقة الجغرافية | |
| رمز المنطقة الجغرافية | f-ua--- |
| 082 04 - رقم تصنيف ديوى العشرى | |
| رقم التصنيف | 347.62077 |
| رقم المادة | د ن ا |
| رقم الطبعة | 22 |
| 100 1# - المدخل الرئيسى - إسم شخصى | |
| الإسم الشخصى | دناصوري، عز الدين. |
| 245 12 - بيان العنوان | |
| العنوان | القضاء المستعجل و قضاء التنفيذ : |
| بقية العنوان | في ضوء الفقه و القضاء : يتضمن أحدث أحكام النقض و الدستورية العليا / |
| بيان المسئوليه,etc | تأليف عز الدين الدناصوري، حامد عكاز. |
| 250 ## - بيان الطبعة | |
| بيان الطبعة | ط. 9، وفقا لأحدث التعديلات. |
| 260 ## - PUBLICATION, DISTRIBUTION, ETC. (IMPRINT) | |
| مكان الناشر او الموزع | الإسكندرية، مصر : |
| اسم الناشر او الموزع | دار المطبوعات الجامعية، |
| تاريخ النشر أو التوزيع | 2014. |
| 300 ## - الوصف المادى | |
| التعداد | 3 مج. ؛ |
| أبعاد الوعاء | 24 سم. |
| 504 ## - تبصرة ببليوجرافية | |
| تبصرة ببليوجرافية,الخ | يشتمل على إرجاعات ببليوجرافية. |
| 610 1# - المدخل الاضافى بالموضوع-اسم هيئة | |
| اسم الهيئة أو اسم السلطة كمدخل | مصر. |
| وحده ملحقة | المحكمة الدستورية العليا. |
| مصدر الرأس أو المصطلح | BUEsh |
| 9 (RLIN) | 41178 |
| 610 1# - المدخل الاضافى بالموضوع-اسم هيئة | |
| اسم الهيئة أو اسم السلطة كمدخل | مصر. |
| وحده ملحقة | محكمة النقض. |
| مصدر الرأس أو المصطلح | BUEsh |
| 9 (RLIN) | 40940 |
| 650 #7 - المدخل الاضافى بالموضوع-مصطلح موضوعى | |
| مصطلح موضوعي أو اسم جغرافي كعنصر مدخل | القضاء المستعجل |
| التقسيم الفرعي الجغرافي | مصر. |
| مصدر الرأس أو المصطلح | BUEsh |
| 9 (RLIN) | 40639 |
| 650 #7 - المدخل الاضافى بالموضوع-مصطلح موضوعى | |
| مصطلح موضوعي أو اسم جغرافي كعنصر مدخل | تنفيذ الأحكام |
| التقسيم الفرعي الجغرافي | مصر. |
| مصدر الرأس أو المصطلح | BUEsh |
| 651 ## - المدخل الاضافى بالموضوع - اسم جغرافى | |
| مصدر الرأس أو المصطلح | BUEsh |
| 653 ## - مصطلح تكشيفى غير مقيد | |
| Resource For college | Law |
| Arrived date list | March2019 |
| 655 ## - مصطلح تكشيفى-نوع/شكل | |
| التقسيم الفرعي الشكلي | Reading book |
| 700 1# - المدخل الاضافى - اسم شخصى | |
| الإسم الشخصى | عكاز، حامد. |
| 942 ## - عناصر المدخل الإضافي( كوها) | |
| مصدر التصنيف او مخطط الترفيف | Dewey Decimal Classification |
| حالة التراجع | حالة الفقد | مصدر التصنيف او خطة الترفيف | حالة تلف | ليس للاعارة | مجموعات كوها | المكان الدائم | المكان الحالي | موقع الترفيف | تاريخ الاكتساب | Source of acquisition | سعر الشراء الطبيعي | رقم الاستدعاء | الباركود | Date last seen | التكلفة | نوع الوعاء | تبصرة عامة | مُعار |
|---|---|---|---|---|---|---|---|---|---|---|---|---|---|---|---|---|---|---|
| Dewey Decimal Classification | Baccah | Central Library | Central Library | First floor | 28/03/2019 | Purchase | 650.00 | 347.62077 د ن ا | 000044500 | 15/07/2025 | 812.50 | NB - Book (Non borrowing) | مج. 1 | |||||
| Dewey Decimal Classification | Baccah | Central Library | Central Library | First floor | 28/03/2019 | Purchase | 347.62077 د ن ا | 000044501 | 15/07/2025 | NB - Book (Non borrowing) | مج. 2 | |||||||
| Dewey Decimal Classification | Baccah | Central Library | Central Library | First floor | 28/03/2019 | Purchase | 347.62077 د ن ا | 000044502 | 15/07/2025 | NB - Book (Non borrowing) | مج. 3 | |||||||
| Dewey Decimal Classification | Baccah | Central Library | Central Library | First floor | 28/03/2019 | Purchase | 650.00 | 347.62077 د ن ا | 000044503 | 15/07/2025 | 812.50 | Book - Borrowing | مج. 1 | 27/10/2022 | ||||
| Dewey Decimal Classification | Baccah | Central Library | Central Library | First floor | 28/03/2019 | Purchase | 347.62077 د ن ا | 000044504 | 15/07/2025 | Book - Borrowing | مج. 2 | |||||||
| Dewey Decimal Classification | Baccah | Central Library | Central Library | First floor | 28/03/2019 | Purchase | 347.62077 د ن ا | 000044505 | 15/07/2025 | Book - Borrowing | مج. 3 |